Animals everyone knows about - Statistics

General Stats
  • This quiz has been taken 12 times
  • The average score is 31 of 85
Answer Stats
Hint Answer % Correct
Water Shark
100%
Ground Cat
91%
Ground Dog
91%
Air Eagle
82%
Water Whale
82%
Ground Cow
73%
Water Dolphin
73%
Ground Lion
73%
Ground Pig
73%
Air Duck
64%
Water/Ground Frog
64%
Ground Horse
64%
Ground/Water Penguin
64%
Ground Snake
64%
Ground Tiger
64%
Ground? Chicken
55%
Ground Fox
55%
Ground Giraffe
55%
Ground Leopard
55%
Ground Mouse
55%
Ground Rat
55%
Ground Sheep
55%
Ground Wolf
55%
Ground Buffalo
45%
Water Crab
45%
Ground Elephant
45%
Ground Goat
45%
Trees Koala
45%
Ground Lizard
45%
Water Lobster
45%
Underground Mole
45%
Trees Monkey
45%
Air Parrot
45%
Ground Zebra
45%
Water/Ground Alligator
36%
Cave Bat
36%
Ground Bear
36%
Air Bee
36%
Ground Cheetah
36%
Water/Ground Crocodile
36%
Air Fly
36%
Air Goose
36%
Ground Kangaroo
36%
Water Octopus
36%
Air Owl
36%
Air Seagull
36%
Ground/Water Seal
36%
Ground Tortoise
36%
Air Crow
27%
Ground Donkey
27%
Air/Water Flamingo
27%
Trees Jaguar
27%
Air Ladybug
27%
Ground Moose
27%
Ground Panda
27%
Water Salmon
27%
Water Sea lion
27%
Ground Snail
27%
Water Starfish
27%
Ground/Water Walrus
27%
Ground Camel
18%
Air Dragonfly
18%
Water Eel
18%
Ground Hamster
18%
Air Mosquito
18%
Ground Ostrich
18%
Ground Polar bear
18%
Water Pufferfish
18%
Ground Reindeer
18%
Ground Scorpion
18%
Trees Sloth
18%
Water Squid
18%
Air Wasp
18%
Water Catfish
9%
Water Jellyfish
9%
Ground Bobcat
0%
Trees Cameleon
0%
Air Condor
0%
Ground Guineea pig
0%
Water Manta ray
0%
Ground Mule
0%
Air Puffin
0%
Ground Racoon
0%
Trees Red panda
0%
Trees Squirell
0%
No matching quizzes found
Score Distribution
Percent of People with Each Score
Percentile by Number Answered
Your Score History
You have not taken this quiz